| 000 | 00792cam a2200277 4500 | ||
|---|---|---|---|
| 008 | 090401t1993 xxu||||| |||| 00| 0 eng d | ||
| 020 | _a0727719831 | ||
| 035 | _a(Sirsi) u23427 | ||
| 041 | _aeng | ||
| 050 | _a624.151 | ||
| 110 |
_aSite Investigation Steering Group _92387 |
||
| 245 | _aPlanning, procurement and quality managememt. | ||
| 260 |
_aLondon _bThomas Telford _c1993 |
||
| 300 | _a30p. : ill. ; 30cm. | ||
| 350 | _a7.5 | ||
| 490 |
_aSite Investigation in Construction _v2 |
||
| 650 | _aGEOTECHNICAL ADVISERS | ||
| 650 | _aGEOTECHNICAL CONTRACTORS | ||
| 650 | _aGROUND INVESTIGATIONS | ||
| 650 | _aQUALITY MANAGEMENT | ||
| 650 | _aSITE INVESTIGATION REPORTS | ||
| 650 | _aSITE INVESTIGATION | ||
| 690 | _aBUILT ENVIRONMENT | ||
| 942 | _n0 | ||
| 948 | _c04/03/1997 | ||
| 999 |
_c88403 _d88403 |
||